| 000 | 00817caa a22001692a 4500 | ||
|---|---|---|---|
| 001 | 015076 | ||
| 003 | AR-FADEU | ||
| 008 | 311216n########xxu####################dd | ||
| 092 |
_aA860.2 _bW423 |
||
| 100 | _aGutiérrez, Juan María | ||
| 245 | _aA mayo | ||
| 300 | _aPP. 87-97 | ||
| 500 | _aEn: La época de Rosas : M. Sastre, J. B. Alberdi, E. Echeverría : antología / comp. Félix Weinberg. Buenos Aires : Centro Editor de América Latina, 1979 | ||
| 942 | _cBDGR | ||
| 999 |
_c20835 _d20835 |
||
| 773 | 0 |
_06630 _94293 _aWeinberg, Félix, comp. _b _dBuenos Aires _o19 _tLa época de Rosas : M. Sastre, J. B. Alberdi, E. Echeverría : antología _w( AR-FADEU) 000790 _x _z |
|
| 773 | 0 |
_06630 _94294 _aWeinberg, Félix, comp. _b _dBuenos Aires _o8610 _tLa época de Rosas : M. Sastre, J. B. Alberdi, E. Echeverría : antología _w( AR-FADEU) 000790 _x _z |
|